| 000 | 00511nam a2200193Ia 4500 | ||
|---|---|---|---|
| 008 | 090123s9999 xx 000 0 und d | ||
| 082 | _b24445 | ||
| 100 | _aGOVEKAR P.B. | ||
| 245 | _aELEMENTS OF COMMERCE AND BUSSINESS METHODS | ||
| 250 | _a0 | ||
| 260 | _bNEW BOOK CO. | ||
| 300 | _a353 | ||
| 600 | _aGOVEKAR P.B. | ||
| 630 | _aELEMENTS OF COMMERCE AND BUSSINESS METHODS | ||
| 700 | _aGOVEKAR P.B. | ||
| 700 | _aGOVEKAR P.B. | ||
| 730 | _aELEMENTS OF COMMERCE AND BUSSINESS METHODS | ||
| 942 | _cBOOK | ||
| 999 |
_c62516 _d62516 |
||